Antitrust penalty reform : an economic analysis /

Bibliographic Details
Main Author: Breit, William
Other Authors: Elzinga, Kenneth G.
Format: Book
Language:English
Published: Washington, D.C. : American Enterprise Institute for Public Policy Research, [1986]
Series:Studies in economic policy.
AEI studies ; 441.
Subjects:

MARC

Tag First Indicator Second Indicator Subfields
LEADER 00000pam a2200000 a 4500
001 in00000420021
005 20151012053839.0
008 860206s1986 dcua b 00010 eng
010 |a  86003203  
020 |a 0844736007 (pbk. : alk. paper) 
035 |a (OCoLC)13185200 
035 |9 ABU5758AM 
039 0 |a 2  |b 3  |c 3  |d 3  |e 3 
040 |a DLC  |c DLC  |d TXA  |d UtOrBLW 
043 |a n-us--- 
049 |a TXAM  |c [A09434839] 
050 0 0 |a KF1657.T7  |b B74 1986 
082 0 |a 343.73/072/0269  |a 347.303720269  |2 19 
100 1 |a Breit, William. 
245 1 0 |a Antitrust penalty reform :  |b an economic analysis /  |c William Breit and Kenneth G. Elzinga. 
264 1 |a Washington, D.C. :  |b American Enterprise Institute for Public Policy Research,  |c [1986] 
264 4 |c ©1986 
300 |a x, 83 pages :  |b illustrations ;  |c 23 cm. 
336 |a text  |b txt  |2 rdacontent 
337 |a unmediated  |b n  |2 rdamedia 
338 |a volume  |b nc  |2 rdacarrier 
490 1 |a AEI studies ;  |v 441 
490 1 |a American Enterprise Institute studies in economic policy 
504 |a Bibliography: pages 69-83. 
650 0 |a Antitrust law  |z United States. 
650 0 |a Damages  |z United States. 
650 0 |a Antitrust law  |x Economic aspects  |z United States. 
700 1 |a Elzinga, Kenneth G. 
830 0 |a Studies in economic policy. 
830 0 |a AEI studies ;  |v 441. 
999 |a MARS 
999 f f |s 2e59e1ff-7401-3caa-beb1-2032cf9499a2  |i c3833766-cbc1-372d-b520-234ea7e1d4ec  |t 0 
952 f f |p ric  |a Texas A&M University  |b Rellis Campus  |c Joint Library Facility  |d Remote Storage  |t 0  |e KF1657.T7 B74 1986  |h Library of Congress classification  |i unmediated -- volume  |m A14809434839 
998 f f |a KF1657.T7 B74 1986  |t 0  |l Remote Storage